Vybrané problémy řízení Díl 6.-9

Saved in:
Bibliographic Details
Main Author: Malaník, Zdeněk
Format: Book
Language:Czech
Published: Praha Inst. pro výchovu ved. prac. MP ČSR 1987
Edition:1. vyd.
Tags: Add Tag
No Tags, Be the first to tag this record!

MARC

LEADER 00000nam a2200000 4500
001 c024294
005 20221219103652.3
041 0 |a cze 
044 |a CZ 
245 1 0 |a Vybrané problémy řízení  |b Díl 6.-9  |c Zdeněk Malaník 
250 |a 1. vyd. 
264 1 |a Praha  |b Inst. pro výchovu ved. prac. MP ČSR  |c 1987 
300 |a 214 s. 
100 1 |a Malaník, Zdeněk